| 000 | 01159nam a2200229Ia 4500 | ||
|---|---|---|---|
| 003 | Ost | ||
| 005 | 20260507075535.0 | ||
| 008 | 260507s9999||||xx |||||||||||||| ||und|| | ||
| 020 | _a97717560844 | ||
| 040 | _cfsecg | ||
| 041 | _aara | ||
| 082 | _a382 | ||
| 100 |
_aالنحراوي، أيمن _eمؤلف |
||
| 245 | 0 |
_aلوجستيات التجارة الدولية / _c أيمن النحراوي |
|
| 260 |
_aالاسكندرية: _bدار الفكر الجامعي, _c2009 |
||
| 300 |
_a492 صفحة؛ _bإيضاحات ؛ _c24 سم |
||
| 520 | _aيضم العولمة الإقتصادية والتطورات في التجارة الدولية، ملامح تطور النقل البحري العالمي في ظل المتغيرات الراهنة، الإطار العام للمنافسة في الموانئ ومصادر التهديد للموانئ، اللوجيستات في إطار العولمة الإقتصادية، الأبعاد الإقتصادية للوجيستات | ||
| 653 | _aالتجارة | ||
| 653 | _aالتجارة الخارجية | ||
| 653 | _aالعلاقات الإقتصادية الدولية | ||
| 942 | _cكتاب | ||
| 999 |
_c44839 _d44839 |
||